000
00268nam a22001097a 4500
008
170110b xxu||||| |||| 00| 0 eng d
020
_a
0865360839
041
_a
eng
080
_a
618.2
245
_a
AMERICAN RED CROSS COMMUNITY CPR
_c
AMERICAN RED CROSS
942
_2
udc
_c
BK
999
_c
2627
_d
2627